[Event "Lesa op"]
[Site "Lesa"]
[Date "2015.09.20"]
[Round "4"]
[White "Bejo, Armand"]
[Black "Minerva, Enzo"]
[Result "0-1"]
[WhiteElo "1655"]
[BlackElo "1966"]
[PlyCount "128"]
[EventDate "2015.09.18"]
[EventType "swiss"]
[EventRounds "5"]
[EventCountry "ITA"]
[SourceTitle "EXT 2016"]
[Source "ChessBase"]
[SourceDate "2015.10.08"]
[SourceVersion "1"]
[SourceVersionDate "2015.10.08"]
[SourceQuality "1"]

1. e4 c5 2. Nf3 g6 3. d4 Bg7 4. c3 cxd4 5. cxd4 d6 6. h3 Nf6 7. Nc3 a6 8. Bd3 b5 9. a3 Bb7 10. 0-0 Nbd7 11. Bf4 Rc8 12. Rc1 0-0 13. Re1 Re8 14. Qd2 Qb6 15. Bh6 Bh8 16. Be3 Qa5 17. Nd5 Qxd2 18. Nxf6+ Nxf6 19. Nxd2 Nd7 20. b4 Rxc1 21. Rxc1 Rc8 22. Rxc8+ Bxc8 23. Nb3 Nb6 24. Nd2 Na4 25. Kf1 Nb2 26. Ke2 Nxd3 27. Kxd3 f5 28. f3 Kf7 29. Nb3 Ke6 30. d5+ Kf7 31. Bd4 fxe4+ 32. fxe4 Bf6 33. Ke3 Bg5+ 34. Kf3 e6 35. Be3 Bh4 36. g3 Bf6 37. h4 Bb2 38. Bc1 Be5 39. Bf4 Kf6 40. Bg5+ Kf7 41. Bf4 Bxf4 42. Kxf4 e5+ 43. Ke3 g5 44. hxg5 Kg6 45. Na5 Kxg5 46. Nc6 Kg4 47. Kf2 Kg5 48. Nd8 Kf6 49. Kf3 Ke7 50. Nc6+ Kd7 51. Kg4 Bb7 52. Na5 Bc8 53. Kg5 Ke7 54. g4 Kf7 55. Kh5 Kg7 56. Nc6 Kf6 57. g5+ Kg7 58. Nd8 Kf8 59. Kh6 Bg4 60. Kxh7 Bf3 61. Kg6 Bxe4+ 62. Kf6 Bxd5 63. g6 e4 64. g7+ Kg8 0-1

[Event "Lesa op"]
[Site "Lesa"]
[Date "2015.09.19"]
[Round "2"]
[White "Gemelli, Giovanni"]
[Black "Bejo, Armand"]
[Result "1-0"]
[WhiteElo "1943"]
[BlackElo "1655"]
[PlyCount "79"]
[EventDate "2015.09.18"]
[EventType "swiss"]
[EventRounds "5"]
[EventCountry "ITA"]
[SourceTitle "EXT 2016"]
[Source "ChessBase"]
[SourceDate "2015.10.08"]
[SourceVersion "1"]
[SourceVersionDate "2015.10.08"]
[SourceQuality "1"]

1. e4 e5 2. Nf3 Nf6 3. Nxe5 d6 4. Nf3 Nxe4 5. d4 d5 6. Bd3 Bd6 7. 0-0 0-0 8. h3 h6 9. Nc3 Nf6 10. Be3 c6 11. Qd2 Nh7 12. Ne2 Nd7 13. c4 Ndf6 14. Nc3 Bb4 15. Qc2 Bxc3 16. bxc3 Be6 17. cxd5 Bxd5 18. Ne5 Rc8 19. c4 Be6 20. f4 Re8 21. Qf2 Qe7 22. f5 Bd7 23. Qg3 Kh8 24. Rae1 Qf8 25. c5 Re7 26. Bc4 Be8 27. Qf3 Nd7 28. Bf4 Rxe5 29. Bxe5 Nxc5 30. dxc5 Qxc5+ 31. Qe3 Qxe3+ 32. Rxe3 f6 33. Bf4 Bd7 34. Rfe1 Ng5 35. Re7 Bxf5 36. Re8+ Rxe8 37. Rxe8+ Kh7 38. Bxg5 hxg5 39. Rd8 b5 40. Bd3 1-0

[Event "Biella op-B 4th"]
[Site "Biella"]
[Date "2013.09.28"]
[Round "3"]
[White "Drago, Paolo"]
[Black "Bejo, Armand"]
[Result "1-0"]
[WhiteElo "1858"]
[BlackElo "1621"]
[PlyCount "113"]
[EventDate "2013.09.27"]
[EventType "swiss"]
[EventRounds "5"]
[EventCountry "ITA"]
[SourceTitle "EXT 2015"]
[Source "ChessBase"]
[SourceDate "2014.11.20"]
[SourceVersion "1"]
[SourceVersionDate "2014.11.20"]
[SourceQuality "1"]

1. d4 Nf6 2. c4 d5 3. Nc3 e6 4. Nf3 Be7 5. Bg5 Nbd7 6. e3 0-0 7. Rc1 c5 8. cxd5 Nxd5 9. Bxe7 Qxe7 10. Nxd5 exd5 11. dxc5 Nf6 12. Be2 a5 13. 0-0 Be6 14. Nd4 Rfc8 15. Qb3 Ne4 16. c6 Rc7 17. Qb6 Nd2 18. Rfd1 Nc4 19. Bxc4 dxc4 20. Nxe6 fxe6 21. Rxc4 Ra6 22. Qb5 Rcxc6 23. Rxc6 Rxc6 24. Qxa5 Kf7 25. h3 b6 26. Qb5 Qc7 27. Qh5+ Kf6 28. Qxh7 Rc1 29. Qh5 Qc2 30. Qh4+ Kf7 31. Qf4+ Kg6 32. Rxc1 Qxc1+ 33. Kh2 Qxb2 34. a4 e5 35. Qe4+ Kh6 36. Kg3 Qc3 37. h4 g6 38. Qa8 Kg7 39. Qb7+ Kh6 40. Qxb6 e4 41. Qd4 Qc7+ 42. Kh3 Qc8+ 43. Kh2 Qb8+ 44. g3 Qa8 45. a5 Kh7 46. Qb6 Qd5 47. Qc7+ Kg8 48. a6 Qa2 49. Qd8+ Kf7 50. Qd7+ Kf6 51. Qd6+ Kg7 52. Qe7+ Kh6 53. Qf6 Kh7 54. Kg2 Qd5 55. Qe7+ Kg8 56. a7 Qa8 57. Qc7 1-0